An introduction to counselling and psychotherapy theory research and practice
Guardat en:
| Autor principal: | |
|---|---|
| Format: | Llibre |
| Idioma: | anglès |
| Publicat: |
McGraw Hill Education
2019
|
| Etiquetes: |
Afegir etiqueta
Sense etiquetes, Sigues el primer a etiquetar aquest registre!
|
MARC
| LEADER | 00000nam a22000007a 4500 | ||
|---|---|---|---|
| 008 | 210726b ||||| |||| 00| 0 eng d | ||
| 020 | |a 9780335243198 | ||
| 100 | |a MCLEOD, John | ||
| 245 | |a An introduction to counselling and psychotherapy |b theory research and practice |c John Macleod |g XX1, 718p. | ||
| 250 | |b 6th ed. | ||
| 260 | |b McGraw Hill Education |c 2019 |h New York |i 696491 |i 696492 |m Counselling ... Research |m Psychotherapy ... Research | ||
| 500 | |a It includes index | ||
| 942 | |a lcc |c BK |e ADEYEYE Y. S. |f 26 - 07-2021 | ||
| 952 | |0 0 |1 0 |2 lcc |4 0 |6 BF06366 M45 |7 0 |9 2819 |a HOL |b HOL |c AF |d 2021-07-26 |l 0 |o BF 636 .6 .M45 |p 2021-66481 |r 2021-07-26 00:00:00 |w 2021-07-26 |y BK | ||
| 952 | |0 0 |1 0 |2 lcc |4 0 |6 BF06366 M45 |7 0 |9 2820 |a HOL |b HOL |c AF |d 2021-07-26 |l 0 |o BF 636 .6 .M45 |p 2021-66482 |r 2021-07-26 00:00:00 |w 2021-07-26 |y BK | ||
| 999 | |c 1464 |d 1464 | ||